000 00600nam a2200229Ia 4500
003 OSt
005 20220918200355.0
006 a|||||r|||| 00| 0
007 ta
008 220917b |||||||| |||| 00| 0 eng d
024 _a88,537
037 _cTextual
040 _aARTS
_cARTS
_beng
041 _2eng
_aeng
082 _aT4z7, K2
100 _aMcgrath Fregal
_993864
245 0 _aConsecration of learning
_b lectures on newman idea of a university
260 _c1962
650 _aHIGHER EDUCATION
942 _hT4z7, K2
_cTEXL
_2CC
999 _c212225
_d212225